| 000 | 00764cam a22001694a 4500 | ||
|---|---|---|---|
| 005 | 20250605163659.0 | ||
| 008 | 250528s ||||||||||||||||||||||||d | ||
| 035 | _a24198 | ||
| 040 |
_aGR-AtMCL _bgre _dGR-AtMCL _eAACR2 |
||
| 245 | 1 | _aΔικαιώματα Αγορών στην Ενιαία Αγορά | |
| 260 |
_bΔιοικητική Μονάδα 'Εκδόσεις' _bΕπιτροπή Των Ευρωπαϊκών Κοινοτήτων, _c1993 |
||
| 300 | _a6 | ||
| 520 | _aΤα Βασικά Δικαιώματα των Καταναλωτών, Τα Δέκα Πρώτα Έτη, Καταναλωτές και Ενιαία Αγορά, Οι Μελλοντικές Προτεραιότητες. | ||
| 942 | _cCR | ||
| 999 |
_c9093 _d9093 |
||